LIBRARY & INFORMATION CENTRE, KCAET, TAVANUR

ONLINE PUBLIC ACCESS CATALOGUE (OPAC)

A hydro - geophysical investigation of groundwater by electrical profiling (Record no. 15158)

MARC details
000 -LEADER
fixed length control field 00733nam a22001937a 4500
003 - CONTROL NUMBER IDENTIFIER
control field OSt
088 ## - REPORT NUMBER
Report number P 285
100 ## - MAIN ENTRY--AUTHOR NAME
Personal name AFTHAB SAEED P. P
245 ## - TITLE STATEMENT
Title A hydro - geophysical investigation of groundwater by electrical profiling
260 ## - PUBLICATION, DISTRIBUTION, ETC. (IMPRINT)
Place of publication Tavanur 2014
Name of publisher Department of Land and Water Resources & Conservation Engineering
300 ## - PHYSICAL DESCRIPTION
Number of Pages 71
500 ## - GENERAL NOTE
General note A hydro - geophysical investigation of groundwater by electrical profiling
520 ## - SUMMARY, ETC.
Summary, etc A hydro - geophysical investigation of groundwater by electrical profiling
700 ## - ADDED ENTRY--PERSONAL NAME
Personal name FAsludeen N. S
700 ## - ADDED ENTRY--PERSONAL NAME
Personal name Dr. Kurien E.K (Guide)
856 ## - ELECTRONIC LOCATION AND ACCESS
Uniform Resource Identifier https://drive.google.com/open?id=1J3PuV8okwBSGvFrRzFupa955khCbpcme
942 ## - ADDED ENTRY ELEMENTS (KOHA)
Koha item type Project Report
Holdings
Collection code Home library Current library Shelving location Full call number Accession Number Koha item type
Reference KAUAET KAUAET Reference 631.7 AFT/A P 285 Project Report
free website counter